000 00622nam a22001937a 4500
005 20180807113802.0
010 _aENG-123687
020 _a9788124119792
_c695.00
035 _aEN-107219
037 _bDBAD/PUB
082 _a327.54
100 _aSondhi, Manohar Lal
245 _aIndia's foreign policy :
_cby Manohar Lal Sondhi; ed. by Harsh V. Pant
_bselected writings /
260 _aNew Delhi
_bHar-Anand Publications
_c2017
270 _aE-49/3,Okhla Industrial Area,Phase-II
_bNew Delhi
_e110020
300 _a224p.
_c22cm (Hb)
700 _aPant, Harsh V.
942 _2ddc
_cEN
_h327.54
_mSON
999 _c155606
_d155606